All U.S State Names Backwards - Statistics

General Stats
  • This quiz has been taken 32 times
  • The average score is 48 of 50
Answer Stats
Letters U.S State % Correct
AKSALA Alaska
100%
ANAIDNI Indiana
100%
IRUOSSIM Missouri
100%
ATOKADHTUOS South Dakota
100%
AMABALA Alabama
96%
SASNAKRA Arkansas
96%
AINROFILAC California
96%
TUCITCENNOC Connecticut
96%
ERAWALED Delaware
96%
ADIROLF Florida
96%
AIGROEG Georgia
96%
OHADI Idaho
96%
SASNAK Kansas
96%
YKCUTNEK Kentucky
96%
ANAISIUOL Louisiana
96%
ENIAM Maine
96%
DNALYRAM Maryland
96%
STTESUHCASSAM Massachusetts
96%
NAGIHCIM Michigan
96%
AKSARBEN Nebraska
96%
OCIXEMWEN New Mexico
96%
ANILORACHTRON North Carolina
96%
AMOHALKO Oklahoma
96%
AINAVLYSNNEP Pennsylvania
96%
EESSENNET Tennessee
96%
HATU Utah
96%
TNOMREV Vermont
96%
NISNOCSIW Wisconsin
96%
ANOZIRA Arizona
93%
ODAROLOC Colorado
93%
IIAWAH Hawaii
93%
SIONILLI Illinois
93%
AWOI Iowa
93%
ATOSENNIM Minnesota
93%
IPPISSISSIM Mississippi
93%
ANATNOM Montana
93%
ADAVEN Nevada
93%
YESREJWEN New Jersey
93%
KROYWEN New York
93%
ATOKADHTRON North Dakota
93%
OIHO Ohio
93%
NOGERO Oregon
93%
DNALSIEDOHR Rhode Island
93%
ANILORACHTUOS South Carolina
93%
SAXET Texas
93%
AINIGRIV Virginia
93%
NOTGNIHSAW Washington
93%
AINIGRIVTSEW West Virginia
93%
GNIMOYW Wyoming
93%
ERIHSPMAHWEN New Hampshire
89%
No matching quizzes found
Score Distribution
Percent of People with Each Score
Percentile by Number Answered
Your Score History
You have not taken this quiz